MARC

LEADER 00000nas a2200000 4500
001 ssj0001309
003 WaSeSS
005 20200512172242.0
006 m d
007 cr n
008 751101d19671992nyumx p s 0 a0eng
010 |a  70002567  
016 |a (AMICUS)000000090721 
022 |l 0040-5469  |y 0040-5469 
035 |a (WaSeSS)ssj0001309 
040 |a DLC  |b eng  |c MUL  |d COO  |d NSD  |d DLC  |d NSD  |d OCL  |d NSD  |d AIP  |d NSD  |d AIP  |d NSD  |d AIP  |d NSD  |d NST  |d EBZ  |d NSD  |d IUL  |d CLU  |d PIT  |d NSD  |d NYG  |d WAU  |d HUL  |d NST  |d DLC  |d EYM  |d OCL  |d ORU  |d OCLCQ  |d DLC  |d EEM  |d OCLCQ  |d OCLCF  |d OCLCO  |d GYD  |d OCLCO  |d NLC  |d OCLCQ  |d GILDS  |d TYC  |d OCLCQ  |d PAU  |d OCLCQ  |d AU@  |d OCLCO  |d OCLCQ  |d HTM  |d CBA  |d OCLCO  |d OCLCQ  |d OCLCO  |d WaSeSS 
042 |a nsdp  |a pcc 
050 0 0 |a PN2000  |b .T48 
082 0 4 |a 792/.05 
210 0 |a Theatre crafts 
222 0 |a Theatre crafts 
245 0 0 |a Theatre crafts  |h [electronic resource]. 
246 1 3 |a TC  |f 1967- 
260 |a [New York]  |b [Theatre Crafts Associates, etc.] 
310 |a 10 no. a year,  |b Dec. 1985- 
321 |a Six no. a year,  |b 1967- 
321 |a 9 no. a year,  |b <1981-> 
362 0 |a v. 1-26, no. 6; Mar./Apr. 1967-June/July 1992. 
506 |a License restrictions may limit access. 
580 |a Volumes for <1982>-1991 have an issue per year with title: Theatre crafts directory; June/July 1992 has annual special issue with title: Industry resources; 1991 has an additional issue per year with title: Theatre crafts international buyers guide. 
580 |a Merged with: Theatre crafts international, to form: TCI. 
650 0 |a Theater  |v Periodicals. 
650 0 |a Theaters  |x Stage-setting and scenery  |v Periodicals. 
650 7 |a Theater.  |2 fast  |0 (OCoLC)fst01149217 
650 7 |a Theaters  |x Stage-setting and scenery.  |2 fast  |0 (OCoLC)fst01149404 
655 0 |a Electronic journals. 
730 0 |a Theatre crafts directory. 
730 0 |a Theatre crafts international buyers guide. 
730 0 |a Industry resources. 
770 1 |t Theatre crafts directory  |w (DLC)sn 82020299  |w (OCoLC)5003156 
770 1 |t Industry resources  |x 1544-4821  |w (DLC)sn 92017666  |w (OCoLC)26088465 
770 1 |t Theatre crafts international buyer's guide  |w (OCoLC)25750821 
785 1 7 |t Theatre crafts international  |x 1060-3042  |w (DLC) 91642337  |w (OCoLC)24691354 
785 1 7 |t TCI  |x 1063-9497  |w (DLC) 93645678  |w (OCoLC)26180112 
850 |a CLU  |a CaMWUC  |a DLC  |a GEU  |a InU  |a MH  |a MiU  |a N  |a NcD  |a PPiU  |a PU  |a WaU 
856 4 0 |z Full text available from Research Library: 01/01/1992 to 07/31/1992  |u https://search.proquest.com/publication/24971